000 00494nam a2200181 a 4500
001 2315
003 CO-ViMGA
008 141112s2004 ck r 000 u spa d
040 _aCO-ViMGA
_bspa
_cCO-ViMGA
082 0 4 _a615.5 G357
100 1 _aGentis, Roger
_951115
245 1 0 _aLecciones del cuerpo :
_bensayo critica sobre las nuevas terapias corporales
260 _aBarcelona :
_bGedisa,
_c1997
300 _a222 p
490 _aPsicoteca mayor
650 1 4 _aTERAPEUTICA
942 _2ddc
_cBK
999 _c14416
_d14416